Les Principales Aventures de L´Admirable Don Quichotte (Record no. 2793)

MARC details
000 -CABECERA
campo de control de longitud fija 01635nam a2200349 a 4500
001 - NÚMERO DE CONTROL
campo de control BRCA_3057
005 - FECHA Y HORA DE LA ÚLTIMA TRANSACCIÓN
campo de control 20190320204105.0
008 - DATOS DE LONGITUD FIJA--INFORMACIÓN GENERAL
campo de control de longitud fija 230109s1795----be-a---###---#000-0#fre-u
041 ## - CÓDIGO DE LENGUA
Código de lengua del texto/banda sonora o título independiente fre
044 ## - CÓDIGO DEL PAÍS DE LA ENTIDAD EDITORA/PRODUCTORA
Código MARC del país be
084 ## - OTRO NÚMERO DE CLASIFICACIÓN
Número de clasificación 363
Número de documento/Ítem .L44
-- 1795
100 1# - ENTRADA PRINCIPAL--NOMBRE DE PERSONA
Nombre de persona Cervantes Saavedra, Miguel de
Fechas asociadas al nombre 1547-1616
9 (RLIN) 213
245 10 - MENCIÓN DE TÍTULO
Título Les Principales Aventures de L´Admirable Don Quichotte
Mención de responsabilidad, etc. Miguel de Cervantes Saavedra.
260 ## - PUBLICACIÓN, DISTRIBUCIÓN, ETC.
Lugar de publicación, distribución, etc. Bruselas
Nombre del editor, distribuidor, etc. B. Le Francq
Fecha de publicación, distribución, etc. 1795
300 ## - DESCRIPCIÓN FÍSICA
Extensión iv, 356 p.
Otras características físicas il.
Dimensiones 40 cm.
500 ## - NOTA GENERAL
Nota general Contenido : Primera parte. Advertencia de los editores. Texto explicativo de las láminas. Texto. Segunda parte. Texto
500 ## - NOTA GENERAL
Nota general Edición : Representées en Figures par Coypel, Picart le Romain, et Autres Habiles Maitres; Avec les Explications des XXI Planches de Cette Magnifique Collection, Tirées de L´Original Espagnol
500 ## - NOTA GENERAL
Nota general Reimpresión de la edición publicada en Lieja, en 1776. Rústica Lúdovik Osterc
500 ## - NOTA GENERAL
Nota general Estado físico : La encuadernación está sumamente deteriorada y presenta hojas maltratadas
500 ## - NOTA GENERAL
Nota general Incluye índice : De ilustraciones
500 ## - NOTA GENERAL
Nota general QM284
546 ## - NOTA DE LENGUA/LENGUAJE
Nota de lengua/lenguaje Texto en : español
650 14 - PUNTO DE ACCESO ADICIONAL DE MATERIA--TÉRMINO DE MATERIA
Término de materia o nombre geográfico como elemento de entrada Novela española
Subdivisión cronológica Época clásica, 1500-1700
9 (RLIN) 215
650 14 - PUNTO DE ACCESO ADICIONAL DE MATERIA--TÉRMINO DE MATERIA
Término de materia o nombre geográfico como elemento de entrada Literatura española
Subdivisión cronológica Época clásica, 1500-1700
9 (RLIN) 216
650 14 - PUNTO DE ACCESO ADICIONAL DE MATERIA--TÉRMINO DE MATERIA
Término de materia o nombre geográfico como elemento de entrada Novela española
Subdivisión cronológica Siglo XVII
9 (RLIN) 217
650 14 - PUNTO DE ACCESO ADICIONAL DE MATERIA--TÉRMINO DE MATERIA
Término de materia o nombre geográfico como elemento de entrada Don Quijote (Personaje ficticio)
Término indicativo de función/relación Novela
9 (RLIN) 218
700 1# - PUNTO DE ACCESO ADICIONAL--NOMBRE DE PERSONA
Nombre de persona Coypel, Charles-Antoine
Fechas asociadas al nombre 1694-1752
Término indicativo de función/relación Ilustrador
9 (RLIN) 8377
700 1# - PUNTO DE ACCESO ADICIONAL--NOMBRE DE PERSONA
Nombre de persona Picart Le Romain, Bernard
Fechas asociadas al nombre 1673-1733
Término indicativo de función/relación Ilustrador
9 (RLIN) 8378
740 0# - PUNTO DE ACCESO ADICIONAL--TÍTULO RELACIONADO O ANALÍTICO NO CONTROLADO
Título relacionado o analítico no controlado El Ingenioso Hidalgo Don Quijote de la Mancha
902 ## - CATALOGADOR
Iniciales QFM
942 ## - ELEMENTOS DE PUNTO DE ACCESO ADICIONAL (KOHA)
Fuente del sistema de clasificación o colocación Library of Congress Classification
Tipo de ítem Koha Libros
Holdings
Estado de retiro Estado de pérdida Estado dañado No para préstamo Localización permanente Ubicación/localización actual Fecha de adquisición Número de inventario Total de préstamos Signatura topográfica completa Código de barras Fecha visto por última vez Precio válido a partir de Tipo de ítem Koha
El ejemplar forma parte de la colección y puede ser consultado según las políticas vigentes.       Biblioteca del Museo Franz Mayer (Rogerio Casas-Alatriste) Biblioteca del Museo Franz Mayer (Rogerio Casas-Alatriste) 23/01/2009 QM284   363 .L44 1795 (QM284) 3054 22/03/2019 22/03/2019 Libros